Tres bimilenarios clásicos Virgilio, Tibulo, Propercio (Registro nro. 28291)
[ vista simple ]
| 000 -ENCABEZADO | |
|---|---|
| Número de control [NR] | 00917nam a2200229Ia 4500 |
| 008 - DE LONGITUD FIJA DE DATOS DE ELEMENTOS - INFORMACIÓN GENERAL | |
| Elementos de longitud fija [NR] | 130821s1986 ck gr spa |
| 040 ## - FUENTE DE CATALOGACION [NR] | |
| Agencia de catalogación original [NR] | Co-BoUCM |
| Idioma de catalogación [NR] | spa |
| 041 00 - CODIGO DE IDIOMA [R] | |
| Código de idioma para texto/pista de sonido o título separado [R] | Español |
| 092 ## - SIGNATURA TOPOGRAFICA LOCAL | |
| Número de clasificación local | 871 |
| Item number | B74 |
| 100 1# - ASIENTO PRINCIPAL--NOMBRE PERSONAL [NR] | |
| Nombre personal [NR] | Briceño Jauregui, Manuel |
| 245 10 - MENCION DE TITULO [NR] | |
| Título [NR] | Tres bimilenarios clásicos Virgilio, Tibulo, Propercio |
| Mención de responsabilidad, etc. [NR] | Manuel Briceño J uregui |
| 260 ## - PUBLICACION, DISTRIBUCION, ETC. (PIE DE IMPRENTA) [R] | |
| Lugar de publicación, distribución, etc. [R] | Bogotá (Colombia) |
| Nombre del editor, distribuidor, etc. [R] | Instituto Caro y Cuervo |
| Fecha de publicación, distribución, etc. [R] | 1986 |
| 300 ## - DESCRIPCION FISICA [R] | |
| Extensión [R] | 256 páginas |
| 490 ## - MENCION DE SERIE [R] | |
| Mención de serie [R] | Publicaciones del Instituto Caro y Cuervo |
| Designación numérica/secuencial del volumen [NR] | LXXVII |
| 600 14 - ASIENTO SECUNDARIO DE MATERIA - NOMBRE PERSONAL [R] | |
| Nombre personal [NR] | Propercio, Sexto Aurelio |
| Fechas asociadas con el nombre [NR] | 47-15 a. C. |
| Subdivisión general [R] | Crítica e interpretación, etc. |
| 600 14 - ASIENTO SECUNDARIO DE MATERIA - NOMBRE PERSONAL [R] | |
| Nombre personal [NR] | Tibulo, Aulo Albio |
| Fechas asociadas con el nombre [NR] | 50-18 a. C. |
| Subdivisión general [R] | Crítica e interpretación, etc. |
| 600 14 - ASIENTO SECUNDARIO DE MATERIA - NOMBRE PERSONAL [R] | |
| Nombre personal [NR] | Virgilio Maron, Publio |
| Fechas asociadas con el nombre [NR] | 70-19 a. C. |
| Subdivisión general [R] | Crítica e interpretación, etc. |
| 650 04 - ASIENTO SECUNDARIO DE MATERIA - TERMINO TEMATICO [R] | |
| Término temático o nombre geográfico como elemento de entrada [NR] | Literatura antigua |
| 9 (RLIN) | 18604 |
| 650 04 - ASIENTO SECUNDARIO DE MATERIA - TERMINO TEMATICO [R] | |
| Término temático o nombre geográfico como elemento de entrada [NR] | Poesía latina |
| 9 (RLIN) | 21826 |
| 942 ## - ELEMENTOS DE ENTRADA AGREGADOS (KOHA) | |
| Tipo de ítem principal el descrito en 300a | Libro |
| Tema principal | Literatura |
| Edición | 1 |
| Parte restante de la signatura top. | B849t |
| Sistema de clasificación | DEWEY |
| Clasificación | 870 |
| Título oculto en OPAC | No |
| Fecha de último préstamo | Signatura topográfica | Código de barras | Última vez visto | Ejemplar | Price effective from | Tipo de ítem | Perdido | Sistema de clasificación | Dañado | No prestable | Tipo de ítem específico | Suprimido | Ubicación habitual | Ubicación actual | Localización | Fecha de creación | Forma de adquisición | Costo | Total préstamos |
|---|---|---|---|---|---|---|---|---|---|---|---|---|---|---|---|---|---|---|---|
| 31/08/2011 | 870 B849t | 100116467 | 06/12/2025 | Ej.2 | 03/02/2013 | Libro | DEWEY | Libro | Claustro | Claustro | 2do piso | 28/02/2011 | Donación | 26000.00 | |||||
| 19/09/2005 | 870 B849t | 100026068 | 06/12/2025 | Ej.1 | 03/02/2013 | Libro | DEWEY | Libro | Claustro | Claustro | 2do piso | 28/02/2003 | Donación | 1000.00 | 1 |